000 01575nam a22002177a 4500
999 _c63057
_d63057
003 Ge_BSU
005 20250527161834.0
008 250527s2023 ge ||||| |||| 00| 0 geo d
020 _a978994198781
041 _ageo
080 _a1(34) +1(315) ძ-49
245 _aძველაღმოსავლური სიბრძნის რჩეული ტექსტები :
_bუპანიშადები, ბჰაგავად გიტა, მანტრები, ლაო ძი. დაო დე ძინი : [კრებული] /
_cთარგმანი ლერი ალიმონაკი ; რედაქტორი ალექსანდრე ალადაშვილი ; დიზაინი: გიორგი წერეთელი, მერაბ გეწაძე.
264 _aთბილისი :
_bCarpe diem,
_c2023.
300 _a520 გვ. ;
_b21 სმ.
500 _a წიგნი გამოიცა საქართველოს კულტურისა და ძეგლთა დაცვის სამინიტროს თანადგომით.
700 _aალიმონაკი, ლერი
_e მთარგმნელი
_915226
700 _aდაუშვილი, ალექსანდრე
_eრედაქტორი
_925138
700 _aწერეთელი, გიორგი
_eდიზაინერი
_925139
700 _aგეწაძე, მერაბ
_eდიზაინერი
_95470
942 _2udc
_cᲬᲘᲒᲜᲘ